تحليل المني (رقم التسجيلة. 482)

تفاصيل مارك
000 -الفاتح
حقل البيانات ثابتة الطول 00707cam a2200205a044500
003 - محدد رقم الضبط
رقم الضبط OSt
005 - وقت وتاريخ اخر تعامل مع التسجيلة
رقم الضبط 20150408113720.0
008 - عناصر البيانات ثابتة الطول - معلومات عامة
حقل البيانات ثابتة الطول 261097s 00 ara0d
020 ## - الرقم الدولى المعيارى للكتب
الرقم الدولى المعيارى للكتاب 6 ـ 004 ـ 37 ـ 9960
040 ## - مصدر الفهرسة
وكالة النسخ MB
082 00 - رقم تصنيف ديوى العشرى
رقم التصنيف 618
رقم المادة ط ن ت
100 00 - المدخل الرئيسى - إسم شخصى
الإسم الشخصى الطيب، نوري بن طاهر
9 (RLIN) 1381
245 10 - بيان العنوان
العنوان تحليل المني
بقية العنوان التطبيق والمدلولات /
بيان المسئوليه,etc نوري بن طاهر الطيب ، بشير محمود جرار
250 ## - بيان الطبعة
بيان الطبعة ط100
260 ## - PUBLICATION, DISTRIBUTION, ETC. (IMPRINT)
مكان الناشر او الموزع الرياض
اسم الناشر او الموزع جامعة الملك سعود ، النشر العلمي والمطابع
تاريخ النشر أو التوزيع 1420 هـ ،
-- 1999 م
300 ## - الوصف المادى
تفاصيل ماديه اخرى للوعاء ايض ؛
أبعاد الوعاء 24 سم02
التعداد ا
650 ## - المدخل الاضافى بالموضوع-مصطلح موضوعى
مصطلح موضوعي أو اسم جغرافي كعنصر مدخل ج
9 (RLIN) 116
700 ## - المدخل الاضافى - اسم شخصى
الدور م . مشارك\\
وسيط الاداء الصوتى CL
9 (RLIN) 1382
942 ## - عناصر المدخل الإضافي( كوها)
مصدر التصنيف او مخطط الترفيف Dewey Decimal Classification
Koha [default] item type كتاب
المقتنيات
حالة الفقد نموذج السعر الفعال حالة تلف ليس للاعارة رقم الطلب تاريخ الاكتساب الموقع الحالي الفرع الرئيسي Date last seen Total Checkouts الباركود نوع المادة فى نظام كوها مصدر التصنيف او خطة الترفيف
  2013-03-10     618 2011-05-17 المكتبة المركزية بالمجمعة (CL) المكتبة المركزية بالمجمعة (CL) 2013-03-10        
  2013-03-10     618 ط ن ت 2011-07-30 المكتبة المركزية بالمجمعة (CL) المكتبة المركزية بالمجمعة (CL) 2013-03-10   00045729 كتاب Dewey Decimal Classification
  2013-03-10     618 ط ن ت 2011-07-30 المكتبة المركزية بالمجمعة (CL) المكتبة المركزية بالمجمعة (CL) 2013-03-10   00045730 كتاب Dewey Decimal Classification
  2013-03-10     618 ط ن ت 2011-09-29 المكتبة المركزية بالمجمعة (CL) المكتبة المركزية بالمجمعة (CL) 2013-03-10   00026524 كتاب Dewey Decimal Classification